[Event "BL 2016-17"]
[Site "Berlin"]
[Date "2017.04.30"]
[Round "14"]
[White "Nielsen, Peter Heine"]
[Black "Andersen, Mads"]
[Result "1/2-1/2"]
[WhiteElo "2639"]
[BlackElo "2582"]
[Annotator "TA"]
[PlyCount "109"]
[EventDate "2017.??.??"]
[EventType "team-tourn"]
[EventCountry "GER"]
[SourceTitle "playchess.com"]
[Source "ChessBase"]
[SourceQuality "1"]
[WhiteTeam "Baden-Baden"]
[BlackTeam "Solingen"]

{[%evp 14,109,16,11,13,10,16,14,10,14,38,36,35,16,16,15,27,12,30,16,26,2,37,23,36,19,24,20,25,12,52,29,61,46,54,53,65,38,43,44,55,8,9,8,7,8,10,3,8,10,10,0,0,11,8,0,19,0,0,0,15,15,26,14,12,16,15,9,62,47,41,39,81,66,68,107,89,85,99,104,89,0,40,0,45,0,0,0,0,0,0,0,0,0,0,0,0,0]} 1. d4 d5 2. c4 e6 3. Nf3 Nf6 4. Nc3 Be7 5. Bg5 O-O 6. e3 Nbd7 7. Rc1 h6 8. Bh4 c5 {D63: Damengambit (Hauptvariante mit 7.Tc1)} 9. dxc5 dxc4 10. c6 (10. Bxc4 Nxc5 11. O-O a6 12. Be2 b5 13. b4 Qxd1 14. Rfxd1 Ncd7 15. a3 g5 16. Bg3 {½-½ (102) Harikrishna,P (2758)-Yu,Y (2750) Shenzhen 2017}) 10... bxc6 11. Bxc4 Rb8 12. Qc2 $146 (12. Qe2 Nd5 13. Bxe7 Qxe7 14. O-O N7b6 15. Bd3 e5 16. Nd2 Nxc3 17. Rxc3 {½-½ (34) Lintchevski,D (2524)-Elistratov,S (2407) Moscow 2017}) 12... Nd5 13. Bxe7 Qxe7 14. O-O Bb7 15. Rfd1 Rfd8 16. Be2 c5 17. b3 Rbc8 18. Qb2 N7b6 19. Nxd5 Rxd5 20. Qa3 Rxd1+ 21. Rxd1 Bd5 22. Rc1 Rc7 23. h3 g6 24. Nd2 Qg5 {[%csl Gd5][%cal Rg5g2] [#]} 25. Bf3 (25. Bf1 $5 {looks sharper.} Qe7 26. Nb1 f5 27. Nc3 Bc6 28. Qa5) 25... Bxf3 26. Nxf3 Qd5 27. Qa5 (27. Qb2 $5 {with more complications.} Rc8 28. Ne5 h5 29. Nc4 Qd8 30. Qa3) 27... c4 28. Qxd5 exd5 $11 {[%mdl 4096] Endspiel KTS-KTS} 29. Kf1 Kf8 30. Ke2 Ke7 31. Nd4 Kd7 32. Rb1 Rc5 33. b4 Rc8 34. Kd2 Na4 35. Nb5 Rb8 36. Nc3 Nb6 37. Kc2 Kc6 38. Rd1 Ra8 39. e4 dxe4 $1 40. Nxe4 Re8 (40... f5 $11 41. Nc3 a6) 41. Nc3 Re5 42. a4 a5 43. f4 Rf5 44. g4 $1 Rxf4 45. bxa5 Rf2+ 46. Kb1 {[#] Und weiter mit Se4 wäre nett.} Nc8 47. a6 ({Lieber} 47. Nb5 $16) 47... Rf3 48. Kc2 Na7 49. Nb5 Nxb5 {Die Stellung ist ausgeglichen.} 50. axb5+ Kxb5 {KT-KT} 51. Ra1 Rf2+ ({Aber nicht} 51... Rxh3 $2 52. a7 Rh2+ 53. Kc3 Rh3+ 54. Kb2 Rh2+ 55. Kc3 Rh3+ 56. Kb2 Rh2+ 57. Kc3 $18) 52. Kc3 Rf3+ 53. Kc2 {Droht stark a7.} Rf2+ ({Falsch wäre} 53... Rxh3 $2 54. a7 Rh2+ 55. Kc3 Rh3+ 56. Kd2 Rd3+ 57. Kc2 $18) 54. Kc3 Rf3+ 55. Kc2 {Precision: Weiß = 56%, Schwarz = 70%.} 1/2-1/2

[Event "BL 2016-17"]
[Site "Berlin"]
[Date "2017.04.30"]
[Round "14"]
[White "Bluebaum, Matthias"]
[Black "Mista, Aleksander"]
[Result "1/2-1/2"]
[WhiteElo "2626"]
[BlackElo "2604"]
[Annotator "TA"]
[PlyCount "74"]
[EventDate "2017.??.??"]
[EventType "team-tourn"]
[EventCountry "GER"]
[SourceTitle "playchess.com"]
[Source "ChessBase"]
[SourceQuality "1"]
[WhiteTeam "Werder Bremen"]
[BlackTeam "SF Berlin"]

{[%evp 7,74,10,19,0,14,0,0,0,0,0,0,0,0,0,0,0,0,-3,34,26,20,14,33,28,43,41,56,35,38,25,23,17,93,83,97,90,92,94,88,92,124,133,132,129,129,121,119,132,111,82,79,5,6,6,25,0,0,0,0,0,0,0,0,0,0,0,0,0,0]} 1. d4 Nf6 2. c4 g6 3. g3 c6 4. Bg2 d5 5. Qa4 {D71: Fianchetto Grünfeld: 3 g3 d5 sidelines and 5 cxd5 (without Nf3)} (5. Nf3 Bg7 6. O-O O-O 7. b3 dxc4 8. bxc4 c5 9. Bb2 cxd4 10. Nxd4 Qb6 11. Qc1 Bd7 12. Nd2 Nc6 13. e3 Rac8 14. Bc3 Qa6 15. Qb2 b6 16. a4 Na5 17. Rfc1 Nxc4 18. Nxc4 Qxc4 19. Bb4 {0-1 (34) Yu,Y (2729)-Nepomniachtchi,I (2767) Doha 2016}) 5... Bg7 6. cxd5 Nxd5 7. Nf3 Nb6 8. Qc2 Bg4 9. e3 N8d7 10. O-O O-O 11. Nbd2 $146 (11. Rd1 e5 12. h3 Bxf3 13. Bxf3 {½-½ (62) Michalik,P (2508)-Konopka,M (2453) Czechia 2013}) 11... c5 12. h3 Bxf3 13. Nxf3 Rc8 14. Qe2 Qc7 15. Rd1 cxd4 16. Nxd4 Ne5 17. b3 $36 {[%mdl 2048] White fights for an advantage.} Nc6 18. Bb2 Nxd4 19. Bxd4 Rfd8 (19... Bxd4 $11 20. Rxd4 e5) 20. Bxg7 $16 Kxg7 21. Qb2+ e5 22. Qa3 Rxd1+ 23. Rxd1 Ra8 24. Rc1 Qd7 25. Qc5 Re8 26. Qa5 Nc8 27. Qc7 Qd2 28. Bxb7 Nd6 {[#]} 29. Ba6 ({White should play} 29. Ra1 $1 $16) 29... Qxa2 $11 ({Don't play} 29... Ne4 $6 30. Rf1 $16 (30. Qc2 Rd8 $11)) 30. Qxd6 Re6 31. Qd8 Rf6 $1 {The position is equal.} 32. Bf1 Qxf2+ 33. Kh1 Qxe3 34. Qc7 Rf2 {[#] ( -> ...Qf3+)} (34... Qxg3 35. Bg2 $17) 35. Bg2 Rxg2 ({Don't do} 35... Qxg3 36. Qb7 $17) 36. Kxg2 {Qc3 is the strong threat.} Qe2+ 37. Kg1 Qe3+ 1/2-1/2

[Event "BL 2016-17"]
[Site "Berlin"]
[Date "2017.04.30"]
[Round "14"]
[White "Bauer, Christian"]
[Black "Stern, Rene"]
[Result "1-0"]
[WhiteElo "2619"]
[BlackElo "2506"]
[Annotator "TA"]
[PlyCount "67"]
[EventDate "2017.??.??"]
[EventType "team-tourn"]
[EventCountry "GER"]
[SourceTitle "playchess.com"]
[Source "ChessBase"]
[SourceQuality "1"]
[WhiteTeam "Hamburger SK"]
[BlackTeam "König Tegel"]

{[%evp 21,67,14,25,-7,0,0,0,0,0,0,-11,0,-12,0,0,-14,2,-26,-10,-18,-6,-9,-4,-3,366,361,504,510,513,509,545,496,697,686,688,656,677,607,721,697,752,585,567,428,5904,4918,4878,4910]} 1. c4 e6 2. Nc3 d5 3. d4 Nf6 4. Nf3 Be7 5. Bf4 O-O 6. e3 Nbd7 7. Qc2 c5 8. Rd1 {D37: Damengambit (5.Lf4)} Qa5 (8... cxd4 9. Rxd4 Qa5 10. Bg3 b5 11. cxb5 Bb7 12. Bd3 Nc5 13. Ne5 Rfc8 14. O-O Nxd3 15. Qxd3 a6 {½-½ (58) Inarkiev,E (2660)-Aronian,L (2784) Skopje 2015}) 9. Nd2 cxd4 10. exd4 dxc4 11. Nxc4 Qd8 {LiveBook: 13 Partien} 12. Be2 Nb6 13. O-O {[#]} Nbd5 $146 (13... Bd7 14. Ne5 Rc8 15. Qd3 Nfd5 {½-½ (77) Pert,N (2562)-Hawkins,J (2554) Coventry 2015}) 14. Bg3 b6 {[%cal Bb7b6,Bb6b5][%mdl 32]} 15. Rfe1 Bb7 16. Nb5 Ne8 17. Qb3 a6 18. Nc3 b5 {zielt auf ...Sxc3 ab.} 19. Ne5 Nxc3 20. bxc3 Nd6 21. c4 bxc4 22. Bxc4 Rb8 $2 {[%mdl 8192] [#]} (22... Nxc4 $11 {und Schwarz muss sich keine Sorgen machen.} 23. Qxb7 Nxe5 24. dxe5 (24. Rxe5 Bd6 25. Rh5 g6 26. Bxd6 Qxd6 $11) 24... Qe8) 23. Nxf7 $1 $18 {[%mdl 512]} Rxf7 (23... Nxf7 24. Bxb8) 24. Bxe6 {Weiß steht klar auf Gewinn.} Kf8 25. Bxf7 Nxf7 26. Rxe7 Kxe7 (26... Qxe7 $142 27. Bxb8 Bc6) 27. Qb4+ Kf6 28. d5 g5 29. h4 {[%cal Bh2h4,Bh4g5][%mdl 32]} a5 30. hxg5+ Kg6 31. Qe4+ Kg7 32. Rb1 Qc8 (32... Qxd5 $142 33. Qxd5 Bxd5 34. Bxb8 Be6) 33. Bxb8 Qxb8 34. Qe7 {Precision: Weiß = 91%, Schwarz = 47%.} 1-0

[Event "BL 2016-17"]
[Site "Berlin"]
[Date "2017.04.30"]
[Round "14"]
[White "Miton, Kamil"]
[Black "Moreno Tejera, Emilio"]
[Result "1-0"]
[WhiteElo "2619"]
[BlackElo "2426"]
[Annotator "TA"]
[PlyCount "57"]
[EventDate "2017.??.??"]
[EventType "team-tourn"]
[EventCountry "GER"]
[SourceTitle "playchess.com"]
[Source "ChessBase"]
[SourceQuality "1"]
[WhiteTeam "Hamburger SK"]
[BlackTeam "König Tegel"]

{[%evp 12,57,22,9,37,0,0,0,0,0,0,0,0,0,0,-1,2,0,20,16,39,27,61,25,27,10,135,125,133,135,126,141,165,173,273,269,277,209,220,189,191,191,335,291,580,623,29998,29999]} 1. d4 f5 2. c4 Nf6 3. Nc3 d6 4. Nf3 g6 5. Bf4 Bg7 6. e3 O-O 7. Be2 Nc6 {A85: Dutch Defence: 2 c4 Nf6 3 Nc3} (7... c5 8. dxc5 dxc5 9. Qxd8 Rxd8 10. Ne5 Ne4 11. Nxe4 fxe4 12. O-O Bf5 13. Rad1 Na6 14. a3 g5 15. Bg3 {½-½ (36) Fressinet,L (2712)-Anton Guijarro,D (2630) Reykjavik 2015}) 8. d5 e5 9. dxe6 Bxe6 {The position is equal.} 10. Ng5 $146 (10. O-O Kh8 11. Nd4 Nxd4 12. exd4 Ne4 13. Nxe4 fxe4 14. Qd2 Qf6 15. Be3 {1-0 (43) Maloberti,D (2125)-Nemcova,K (1877) Prague 2017}) 10... Bc8 $1 11. c5 {[%cal Rc5d6]} h6 12. Qb3+ d5 13. Nf3 g5 14. Bg3 $1 (14. Be5 Nxe5 15. Nxe5 Ne4 $17) 14... Qe7 15. O-O $36 {[%mdl 2048] White is more active.} (15. Nxd5 Nxd5 16. Qxd5+ Be6 $15) 15... Kh8 16. Rad1 a6 17. Rfe1 (17. Nxd5 Nxd5 18. Qxd5 f4 19. exf4 gxf4 $17) 17... Rb8 18. h4 {[%cal Bh2h4,Bh4g5][%mdl 32]} Be6 (18... g4 $1 $11 19. Nd4 Nxd4 20. exd4 Be6) 19. hxg5 $16 Ne4 20. Nxd5 Bxd5 21. Rxd5 {Black must now prevent gxh6.} ({Resist} 21. Qxd5 hxg5 22. Qb3 g4 $14) 21... Nxg3 22. fxg3 hxg5 (22... Rbe8 $142 23. Qxb7 hxg5) 23. Kf2 $18 {[#] Strongly threatening Rh1+.} Bf6 24. Rh1+ Kg7 25. Qd3 Rf7 {With the idea ...Nb4.} 26. Qxf5 Kf8 (26... Re8 {might work better.} 27. e4 Qxe4 28. Rh7+ Kg8 29. Qxe4 Rxe4) 27. Nxg5 (27. Qg6 Re8 28. Qh6+ (28. Rd3 Qxc5 29. Rh7 Bg7 $14) 28... Bg7 29. Qxg5 Bf6 $18) 27... Re8 $2 (27... Bxg5 28. Rh8+ Kg7 29. Rh7+ Kg8 30. Qxf7+ Qxf7+ 31. Rxf7 Kxf7) 28. Ke1 ({Less strong is} 28. Nxf7 Qxe3+ 29. Kf1 Qxe2+ 30. Kg1 Bd4+ 31. Rxd4 (31. Kh2 $2 Ne7 32. Nd6+ Nxf5 33. Rxf5+ Ke7 34. Nxe8 Kxe8 $19) 31... Qe3+ 32. Kh2 Nxd4 $16) 28... Qxe3 {[%csl Ge8][%cal Re3e2] [#]} 29. Rh8+ $1 {[%mdl 512]} 1-0

[Event "BL 2016-17"]
[Site "Berlin"]
[Date "2017.04.30"]
[Round "14"]
[White "Predojevic, Borki"]
[Black "Aronian, Levon"]
[Result "0-1"]
[WhiteElo "2616"]
[BlackElo "2774"]
[Annotator "TA"]
[PlyCount "72"]
[EventDate "2017.??.??"]
[EventType "team-tourn"]
[EventCountry "GER"]
[SourceTitle "playchess.com"]
[Source "ChessBase"]
[SourceQuality "1"]
[WhiteTeam "Solingen"]
[BlackTeam "Baden-Baden"]

{[%evp 16,72,47,62,54,53,61,51,76,58,69,59,70,51,65,42,56,34,78,64,60,77,74,41,97,97,97,57,65,81,66,76,126,4,4,0,29,29,48,47,95,0,45,-38,-46,-47,-27,-38,-50,-205,-114,-354,-339,-425,-426,-556,-494,-588,-569]} 1. e4 g6 2. d4 Bg7 3. Nf3 d6 4. c3 Nf6 5. Bd3 O-O 6. O-O Nc6 7. Re1 e5 8. h3 Re8 9. d5 Ne7 {B07: Pirc Defence: Miscellaneous Systems} 10. c4 h6 11. Nc3 Nd7 {White is slightly better.} 12. Rb1 a5 13. a3 f5 14. b4 b6 $146 (14... axb4 15. axb4 f4 16. c5 dxc5 17. Nb5 {½-½ (60) Badea,B (2530)-Jansa,V (2490) Krynica 1998}) 15. Qc2 {[%cal Re4f5]} Rf8 16. Bb2 f4 17. Nb5 g5 18. Be2 Ng6 19. Nd2 Kh8 (19... Nh4 $14) 20. Rec1 $16 a4 21. Bg4 Nf6 22. Bxc8 $1 Rxc8 23. f3 h5 24. Kf2 ({White should play} 24. c5 $16) 24... g4 $11 25. Rh1 {[#] hxg4 is the strong threat.} g3+ 26. Ke2 Nh4 27. Rhg1 Qd7 28. Na7 (28. Qxa4 $16 Ra8 29. Qc2) 28... Rce8 29. Nc6 (29. c5 $14) 29... Nxg2 $1 $15 30. Rxg2 {And now Rh1 would win.} Qxh3 31. Rgg1 Ng4 {[%cal Bf6g4,Bg4f2,Bf2h3][%mdl 32]} 32. Kd3 $2 {[#]} (32. fxg4 f3+ 33. Kd3 (33. Nxf3 $2 Rxf3 34. Rbe1 Rf2+ 35. Kd3 Rxc2 36. Kxc2 Qxg4 $19) 33... g2 $19) (32. c5 $15 Nf2 33. Nf1 (33. Qxa4 Qh2 34. Rge1 Nxe4+ 35. Kd3 Qxd2+ 36. Kxe4 g2 37. Nd8 Rxd8 38. Rbd1 g1=Q 39. Qe8 Qc2+ 40. Rd3 Qxe1#)) 32... h4 (32... Ne3 33. Qxa4 g2 34. Qa7 $11) (32... Nf2+ $1 $19 33. Kc3 g2) 33. Kc3 $2 ({Of course not} 33. Qxa4 $6 Nf2+ 34. Kc2 Qd7 $11) (33. Nf1 $17 {was called for.}) 33... g2 $19 34. Qxa4 Nf2 {Black is clearly winning.} 35. Kc2 {White wants to play Qa7.} Qg3 36. Qb3 Nh3 0-1

[Event "BL 2016-17"]
[Site "Berlin"]
[Date "2017.04.30"]
[Round "14"]
[White "Banusz, Tamas"]
[Black "Womacka, Mathias"]
[Result "1/2-1/2"]
[WhiteElo "2613"]
[BlackElo "2428"]
[Annotator "TA"]
[PlyCount "75"]
[EventDate "2017.??.??"]
[EventType "team-tourn"]
[EventCountry "GER"]
[SourceTitle "playchess.com"]
[Source "ChessBase"]
[SourceQuality "1"]
[WhiteTeam "Hockenheim"]
[BlackTeam "Schwäbisch Hall"]

{[%evp 31,75,19,26,21,41,22,29,26,38,16,27,20,14,0,0,0,27,29,31,17,18,0,0,-7,37,6,6,6,6,-38,-47,-56,-54,-68,-79,-62,-38,-38,-35,-24,-37,-52,-41,-81,-79,-83]} 1. Nf3 c5 2. c4 Nf6 3. Nc3 e6 4. g3 b6 5. Bg2 Bb7 6. O-O Be7 7. d4 cxd4 8. Qxd4 d6 9. Bg5 a6 10. Bxf6 Bxf6 11. Qf4 O-O 12. Rfd1 Be7 13. Ne4 Bxe4 14. Qxe4 Ra7 15. Nd4 {A30: Symmetrical English: Double Fianchetto and Hedgehog} Qc8 (15... Rc7 16. Rac1 Re8 17. e3 Bf8 18. b3 Qc8 19. Rc2 Nd7 20. Rcd2 Nf6 21. Qf3 d5 22. cxd5 Nxd5 {½-½ (80) Iturrizaga Bonelli,E (2641)-Zhang,Z (2619) Berlin 2015}) 16. b3 Re8 $146 {LiveBook: 14 Games} (16... Bf6 17. e3 Qc5 18. a4 Rc7 19. Ra2 Rfc8 20. Qb1 Be7 21. Rad2 Qa5 22. h3 g6 {½-½ (42) Kempter,R (2251)-Gurevich,V (2465) Germany 2011}) 17. Rd2 {White has an edge.} Bf8 18. Rad1 Qc5 19. Qb1 Rc7 20. e3 Qe5 21. h3 g6 22. Kh2 Rec8 23. a4 Rd7 24. f4 Qf6 ({But not} 24... Qxe3 $2 25. Rd3 Qf2 26. R1d2 Qxd2 27. Rxd2 $18) 25. Rc2 Rdc7 26. Rdd2 h5 {[%cal Bh7h5,Bh5h4][%mdl 32]} 27. Qf1 a5 28. Qf2 Na6 29. Nb5 Rd7 30. e4 Nc5 31. Qf3 h4 $1 32. g4 g5 33. f5 Bg7 34. Rd1 Qe7 35. Kh1 Be5 36. Nd4 Qf6 37. Ne2 Rcd8 38. Qe3 1/2-1/2

[Event "BL 2016-17"]
[Site "Berlin"]
[Date "2017.04.30"]
[Round "14"]
[White "Nikolic, Predrag"]
[Black "Kasimdzhanov, Rustam"]
[Result "*"]
[WhiteElo "2609"]
[BlackElo "2698"]
[Annotator "TA"]
[PlyCount "84"]
[EventDate "2017.??.??"]
[EventType "team-tourn"]
[EventCountry "GER"]
[SourceTitle "playchess.com"]
[Source "ChessBase"]
[SourceQuality "1"]
[WhiteTeam "Solingen"]
[BlackTeam "Baden-Baden"]
[TimeControl "40/6000+30:3000+30"]

1. d4 {[%emt 0:00:00]} d5 {[%emt 0:00:04]} 2. c4 {[%emt 0:00:10]} dxc4 $146 {[%emt 0:00:07]} (2... e6 3. Nf3 Nf6 4. g3 Be7 5. Bg2 O-O 6. O-O dxc4 7. Qc2 a6 8. a4 Bd7 9. Qxc4 Bc6 10. Bf4 Nbd7 11. Nc3 Rc8 12. Qd3 h6 13. Rfd1 Bb4 14. Na2 Be7 15. Nc3 Bb4 16. Ne5 Bxg2 17. Kxg2 Nxe5 18. dxe5 Bxc3 19. bxc3 Qxd3 20. exd3 {½-½ (32) Erdos,V (2591)-Kovacs,G (2516) Hungary 2010}) 3. Nf3 {[%emt 0:00:09]} Nf6 {[%emt 0:00:05]} 4. e3 {[%emt 0:00:11]} e6 {[%emt 0:00:05]} 5. Bxc4 {[%emt 0:00:16]} c5 {[%emt 0:00:07]} 6. O-O {[%emt 0:00:29]} a6 {[%emt 0:00:39]} 7. dxc5 {[%emt 0:00:33]} Bxc5 {[%emt 0:00:11]} 8. Qxd8+ {[%emt 0:00:37]} Kxd8 {[%emt 0:00:06]} 9. Rd1+ {[%emt 0:01:36]} Ke7 {[%emt 0:00:08]} 10. b3 {[%emt 0:00:20]} b6 {[%emt 0:11:29]} 11. Bb2 {[%emt 0:00:34]} Nbd7 {[%emt 0:04:11]} 12. Nbd2 {[%emt 0:01:09]} Bb7 {[%emt 0:00:58]} 13. Be2 {[%emt 0:00:45]} Rhc8 {[%emt 0:05:50]} 14. a3 {[%emt 0:01:02]} b5 {[%emt 0:04:51]} 15. a4 {[%emt 0:00:09]} bxa4 {[%emt 0:01:09]} 16. Rxa4 {[%emt 0:00:08]} Nb6 {[%emt 0:03:02]} 17. Ra5 {[%emt 0:00:19]} Bb4 {[%emt 0:05:47]} 18. Ba3 {[%emt 0:00:09]} Bxa3 {[%emt 0:04:56]} 19. Rxa3 {[%emt 0:00:06]} Nfd5 {[%emt 0:01:39]} 20. Nc4 {[%emt 0:02:55]} Nxc4 {[%emt 0:10:10]} 21. bxc4 {[%emt 0:00:43]} Nb4 {[%emt 0:03:29]} 22. Nd4 {[%emt 0:03:09]} Be4 {[%emt 0:15:03]} 23. Ra5 {[%emt 0:29:56]} f6 {[%emt 0:09:41]} 24. f3 {[%emt 0:12:59]} Bg6 {[%emt 0:03:39]} 25. f4 {[%emt 0:12:21]} Be4 {[%emt 0:02:22]} 26. c5 {[%emt 0:00:17]} Rc7 {[%emt 0:10:48]} 27. Nxe6 {[%emt 0:12:35]} Kxe6 {[%emt 0:07:01]} 28. Rd4 Bxg2 {[%emt 0:01:20]} 29. Rxb4 {[%emt 0:04:34]} Bb7 {[%emt 0:01:23]} 30. Kf2 {[%emt 0:00:49]} f5 {[%emt 0:02:26]} 31. Rb6+ {[%emt 0:03:13]} Ke7 {[%emt 0:00:15]} 32. c6 {[%emt 0:02:00]} Bxc6 {[%emt 0:02:57]} 33. Rc5 {[%emt 0:01:06]} Kd7 {[%emt 0:00:31]} 34. Rbxc6 {[%emt 0:03:33]} Rxc6 {[%emt 0:00:07]} 35. Rxc6 {[%emt 0:00:04]} Kxc6 {[%emt 0:00:03]} 36. Bf3+ {[%emt 0:00:06]} Kc5 {[%emt 0:01:03]} 37. Bxa8 {[%emt 0:00:07]} a5 {[%emt 0:00:02]} 38. Bb7 {[%emt 0:00:15]} a4 {[%emt 0:00:56]} 39. Bc8 {[%emt 0:00:06]} a3 {[%emt 0:00:41]} 40. Be6 {[%emt 0:00:07]} g6 {[%emt 0:50:35]} 41. Ke2 {[%emt 1:07:41]} Kd6 {[%emt 0:00:00]} 42. Bg8 {[%emt 0:00:00]} Ke7 {[%emt 0:00:00]} *

[Event "BL 2016-17"]
[Site "Berlin"]
[Date "2017.04.30"]
[Round "14"]
[White "Postny, Evgeny"]
[Black "Balogh, Csaba"]
[Result "0-1"]
[WhiteElo "2606"]
[BlackElo "2633"]
[Annotator "TA"]
[PlyCount "82"]
[EventDate "2017.??.??"]
[EventType "team-tourn"]
[EventCountry "GER"]
[SourceTitle "playchess.com"]
[Source "ChessBase"]
[SourceQuality "1"]
[WhiteTeam "Schwäbisch Hall"]
[BlackTeam "Hockenheim"]

{[%evp 24,82,35,31,28,14,30,6,34,33,50,39,49,0,0,0,22,22,12,15,13,21,14,9,16,23,22,16,54,53,54,53,53,53,53,53,57,53,83,67,55,41,41,0,0,-114,-110,-219,-216,-205,-206,-204,-206,-213,-194,-275,-287,-285,-272,-289,-268]} 1. d4 d5 2. c4 c6 3. Nf3 Nf6 4. Qc2 dxc4 5. Qxc4 Bf5 6. g3 e6 7. Bg2 Nbd7 8. O-O Be7 9. e3 O-O {D23: Queen's Gambit Accepted: 3 Nf3 Nf6 sidelines} 10. Qe2 Qc7 (10... Rc8 11. Rd1 Qa5 12. Bd2 Qb5 13. Qxb5 cxb5 14. Ne1 Ne4 15. Nc3 Nxd2 16. Rxd2 Bb4 17. Bxb7 {1-0 (45) Ivanchuk,V (2747)-Mamedyarov,S (2768) Doha 2016}) 11. Nc3 Ne4 12. Nd2 Nxc3 13. bxc3 {LiveBook: 3 Games} e5 14. e4 Be6 15. Nc4 f6 $146 (15... exd4 16. cxd4 Nb6 17. Ne3 {1-0 (37) Ingersol,H (2386)-Szczepanski,Z (2461) LSS email 2011}) 16. Rd1 Bf7 17. Ne3 Rfe8 18. Bb2 b5 19. c4 bxc4 20. Nxc4 Nb6 21. Ne3 Na4 {White must now prevent ...Rab8.} 22. Rac1 Nxb2 23. Qxb2 Rab8 24. Qc2 exd4 25. Rxd4 Qe5 26. Ra4 a5 27. Nc4 Bxc4 28. Qxc4+ Kf8 29. Qxc6 Rb2 30. Rc2 Rb1+ {[#]} 31. Bf1 $1 Qa1 32. Qa6 Re1 $1 {aiming for ...Qd1.} 33. Rxa5 {And now Kg2 would win.} Qb1 $1 $36 {[%cal Rb1c2][%mdl 2048] Black is pushing.} 34. Rc3 (34. Rc6 $1 $11 {was the only way to keep the balance.}) 34... Bb4 $17 ({Much weaker is} 34... Qxe4 $6 35. Qd3 $11) ({Wrong is} 34... Rxe4 $2 35. Rc8 Bb4 36. Qb7 Rxc8 37. Ra7 $18 (37. Qxc8+ Re8 38. Qb7 Qe4 $16)) 35. Rb3 {[#]} (35. Raa3 $17 {might work better.} Bxc3 36. Rxc3) 35... Rxf1+ $1 $19 {[%mdl 512]} ({Don't go for} 35... Qxe4 $2 36. Ra4 $18) 36. Qxf1 Qxf1+ 37. Kxf1 Bxa5 {KRB-KR} 38. Rb5 Bc3 39. Ke2 (39. Rc5 $142 Bb4 40. Rc4) 39... Rxe4+ {Black has a decisive advantage.} 40. Kd3 Rb4 41. Rd5 Ba1 0-1

[Event "BL 2016-17"]
[Site "Berlin"]
[Date "2017.04.30"]
[Round "14"]
[White "Erdos, Viktor"]
[Black "Bromberger, Stefan"]
[Result "1-0"]
[WhiteElo "2593"]
[BlackElo "2510"]
[Annotator "TA"]
[PlyCount "47"]
[EventDate "2017.??.??"]
[EventType "team-tourn"]
[EventCountry "GER"]
[SourceTitle "playchess.com"]
[Source "ChessBase"]
[SourceQuality "1"]
[WhiteTeam "SG Trier"]
[BlackTeam "Zugzwang München"]

{[%evp 15,47,41,45,29,20,22,35,32,45,22,22,32,32,14,22,18,18,18,18,27,32,17,15,12,16,8,32,26,30,18,30,14,87,84]} 1. d4 d5 2. Nf3 Nf6 3. c4 dxc4 4. e3 e6 5. Bxc4 c5 6. O-O a6 7. dxc5 Bxc5 8. Qxd8+ Kxd8 9. Ne5 {D27: Queen's Gambit Accepted: Classical main line: 7 e4!? and 7 a4} (9. Nbd2 Ke7 10. b3 b6 11. Be2 a5 12. Ne5 Ba6 13. Ndc4 Nfd7 14. Nxd7 Nxd7 15. Bb2 f6 16. Rfd1 Rhd8 17. a3 Rac8 {½-½ (45) Nakamura,H (2785)-Caruana,F (2827) Caleta 2017}) 9... Ke7 10. Be2 Nbd7 11. Nc4 {White is slightly better.} b6 12. Nc3 a5 13. Na4 Ba6 14. Nxc5 bxc5 15. f3 Rhb8 16. Rf2 a4 {[#]} 17. e4 $146 Rb4 18. Ne3 (18. b3 $5 {is interesting.} axb3 19. axb3 Rxb3 20. Bf1 Ne8 21. Bf4) 18... Ne5 19. Bxa6 Rxa6 20. Rc2 Nd3 21. Nc4 {Threatening Bd2.} Nxc1 22. Raxc1 Nd7 23. Rd2 f5 (23... Rc6 $11) 24. exf5 1-0

[Event "BL 2016-17"]
[Site "Berlin"]
[Date "2017.04.30"]
[Round "14"]
[White "Gledura, Benjamin"]
[Black "Mons, Leon"]
[Result "1/2-1/2"]
[WhiteElo "2592"]
[BlackElo "2479"]
[Annotator "TA"]
[PlyCount "59"]
[EventDate "2017.??.??"]
[EventType "team-tourn"]
[EventCountry "GER"]
[SourceTitle "playchess.com"]
[Source "ChessBase"]
[SourceQuality "1"]
[WhiteTeam "SG Trier"]
[BlackTeam "Zugzwang München"]

{[%evp 13,59,0,24,18,41,0,34,35,37,33,35,31,36,23,33,32,41,27,33,17,17,17,12,17,12,14,20,7,12,0,16,25,41,33,53,28,30,20,20,13,21,6,15,0,0,0,0,0]} 1. e4 e5 2. Nf3 Nc6 3. Bc4 Nf6 4. d3 Be7 5. O-O O-O 6. Nc3 d6 7. a3 h6 {LiveBook: 4 Games. C55: Two Knights: 4 d3, 4 d4 exd4 5 e5 and Max Lange Attack} (7... Be6 8. Nd5 a5 9. Ng5 Bxd5 10. exd5 Nb8 11. f4 Nbd7 12. Ba2 a4 13. Kh1 c6 14. dxc6 bxc6 15. fxe5 Nxe5 {½-½ (45) Nepomniachtchi,I (2767)-Rapport,R (2702) Wijk aan Zee 2017}) 8. Be3 Re8 9. b4 $146 (9. h3 Bf8 10. Ba2 a6 11. Re1 b5 12. a4 b4 13. Nd5 {1-0 (29) Jarabinsky,M (2104)-Paul,M (1748) ICCF email 2008}) 9... a6 10. h3 Bf8 11. Qb1 Be6 12. Bxe6 Rxe6 13. Nd5 Re8 14. c4 Nxd5 15. cxd5 Ne7 16. d4 exd4 17. Nxd4 c6 18. dxc6 Nxc6 19. Nxc6 bxc6 20. Rc1 Qd7 21. Qc2 Rec8 {[%cal Be8c8,Bc8c6,Bc6b6,Bb6b3][%mdl 32]} 22. Qa4 Qb7 23. Rc4 c5 24. bxc5 dxc5 25. Rac1 {[%cal Re3c5]} Rc6 {The position is equal.} 26. Qc2 Rac8 27. f4 Rb6 28. Qa4 {[%cal Re3c5]} ({Don't capture} 28. Bxc5 $2 Rbc6 29. Qf2 Qc7 $19) 28... Rb3 29. Bxc5 Rb1 {[#] And now ...Rxc5 would win.} 30. Be3 1/2-1/2